Геометрические методы расчета пластинок, находящихся в предельном состоянии

Xehetasun bibliografikoak
Egile nagusia: Коробко В. И. Виктор Иванович
Hizkuntza:errusiera
Argitaratua: Хабаровск, [Б. и.], 1980
Gaiak:
Formatua: MixedMaterials Liburua
KOHA link:https://koha.lib.tpu.ru/cgi-bin/koha/opac-detail.pl?biblionumber=135810

MARC

LEADER 00000nam0a2200000 4500
001 135810
005 20231101220557.0
035 |a (RuTPU)RU\TPU\book\147188 
090 |a 135810 
100 |a 20080415d1980 km y0rusy50 ca 
101 0 |a rus 
102 |a RU 
105 |a a z 001zy 
200 1 |a Геометрические методы расчета пластинок, находящихся в предельном состоянии  |f В. И. Коробко 
210 |a Хабаровск  |c [Б. и.]  |d 1980 
215 |a 104 с.  |c ил. 
320 |a Библиогр.: с. 100-101 
606 1 |a Плиты  |2 stltpush  |3 (RuTPU)RU\TPU\subj\49250  |9 68051 
610 1 |a пластины 
610 1 |a предельные состояния 
610 1 |a расчеты 
610 1 |a геометрические методы 
610 1 |a несущая способность 
610 1 |a отверстия 
610 1 |a нагрузки 
610 1 |a симметризация 
610 1 |a симметризация 
675 |a 624.-73  |v 3 
700 1 |a Коробко  |b В. И.  |g Виктор Иванович 
801 1 |a RU  |b 63413507  |c 20080414  |g PSBO 
801 2 |a RU  |b 63413507  |c 20210413  |g PSBO 
942 |c BK